[Event "GER-chT U16"]
[Site "Verden an der Aller"]
[Date "2009.12.29"]
[Round "6.3"]
[White "Jerinic, Milan"]
[Black "Evers, Annika"]
[Result "1/2-1/2"]
[WhiteElo "1552"]
[BlackElo "1676"]
[PlyCount "41"]
[EventDate "2009.12.27"]
[EventType "team-swiss"]
[EventRounds "7"]
[EventCountry "GER"]
[SourceTitle "EXT 2022"]
[Source "ChessBase"]
[SourceDate "2021.10.06"]
[SourceVersion "1"]
[SourceVersionDate "2021.10.06"]
[SourceQuality "1"]
[WhiteTeam "Herzogenrath U16"]
[BlackTeam "Stader SV U16"]
[WhiteTeamCountry "GER"]
[BlackTeamCountry "GER"]

1. d4 d5 2. c4 c6 3. Nc3 Nf6 4. e3 a6 5. Nf3 Bf5 6. Bd3 Bxd3 7. Qxd3 e6 8. 0-0 Bd6 9. Re1 0-0 10. e4 Bb4 11. e5 Ne4 12. a3 Nxc3 13. bxc3 Be7 14. Bd2 b5 15. cxb5 axb5 16. Qc2 Nd7 17. a4 Rxa4 18. Rxa4 bxa4 19. Qxa4 Qa8 20. Ra1 Nb6 21. Qxa8 1/2-1/2